00438nam a2200181Ia 4500003000400000005001700004008004100021020001800062040000700080041000800087082001900095100002300114245004200137250000600179260004200185300001600227365001300243OSt20230401092336.0210423s2010 xx 000 0 und d a9788120327672 cAL aeng a658.5 PANR223 aPANNEERSELVAM (R). aProduction and operations management. a2 aNew DelhibPHI Learning Pvt Ltdc2010 axii,546bPB b295cINR